| 000 | 00349nam a2200133Ia 4500 | ||
|---|---|---|---|
| 008 | 210430s9999 xx 000 0 und d | ||
| 020 | _a978-0-07-059114-1 | ||
| 082 | _a621.4021 N 1471 E | ||
| 100 | _aP.K.Nag | ||
| 245 |
_aEngineering Thermodynamics 3rd _cP.K.Nag |
||
| 260 |
_aNew Delhi _bMcGraw-Hill _c2007 |
||
| 300 | _a826 p | ||
| 942 |
_cBK _2ddc |
||
| 999 |
_c564908 _d564908 |
||